000 00556nam a22001697a 4500
005 20231208133515.0
008 231208b |||||||| |||| 00| 0 eng d
020 _a0409016977 ; 0409016284
041 _aEnglish
082 _a349 BUT
100 _lEnglish
245 _aButterworths Forms and Precedents : Construction, Building Contracts, Engineering Contracts and Fences /
_cedited N Sanjth
260 _aDurban :
_bLexisNexis,
_c1999
300 _bvii,
_c26 cm.
650 _aLegal practice
_bLaw
942 _cBK
_6ALISON_BN_VRIES
999 _c1175
_d1175